000 00254nam a22000977a 4500
041 _aeng
080 _a80
100 _aДемський, М.
245 _aУкраїнські фраземи й особливості їх творення.
999 _c280043
_d280043
942 _cBK